<?xml version="1.0" encoding="UTF-8"?>
<collection xmlns="http://www.loc.gov/MARC21/slim">
 <record>
  <leader>01192ppm a22003018a 4500</leader>
  <controlfield tag="001">00027257</controlfield>
  <controlfield tag="005">20171026081022.0</controlfield>
  <controlfield tag="008">111017s2009                  ||||||viesd</controlfield>
  <datafield tag="041" ind1="0" ind2="#">
   <subfield code="a">vie</subfield>
  </datafield>
  <datafield tag="082" ind1="1" ind2="4">
   <subfield code="b">T120L</subfield>
   <subfield code="a">153.1</subfield>
  </datafield>
  <datafield tag="100" ind1="1" ind2="#">
   <subfield code="a">Trần, Vũ Bảo</subfield>
  </datafield>
  <datafield tag="245" ind1="1" ind2="0">
   <subfield code="a">Tâm lý của học sinh về vấn đề học thêm</subfield>
   <subfield code="b">Bài nghiên cứu thực tiễn giáo dục</subfield>
   <subfield code="c">Trần Vũ Bảo...[và nh. ng. khác]; Lê Hiển Dương hướng dẫn</subfield>
  </datafield>
  <datafield tag="260" ind1="#" ind2="#">
   <subfield code="b">Trường Đại học  Đồng Tháp</subfield>
   <subfield code="c">2009</subfield>
   <subfield code="a">Đồng Tháp</subfield>
  </datafield>
  <datafield tag="300" ind1="#" ind2="#">
   <subfield code="e">1 bản tóm tắt</subfield>
   <subfield code="a">38 tr.</subfield>
   <subfield code="c">30 cm.</subfield>
   <subfield code="b">bảng</subfield>
  </datafield>
  <datafield tag="500" ind1="#" ind2="#">
   <subfield code="a">ĐTTTS ghi: Bộ Giáo dục và Đào tạo Đồng Tháp. Trường Đại học  Đồng Tháp</subfield>
  </datafield>
  <datafield tag="502" ind1="#" ind2="#">
   <subfield code="a">Thư mục: tr.37</subfield>
  </datafield>
  <datafield tag="650" ind1=" " ind2=" ">
   <subfield code="a">Tâm lý</subfield>
  </datafield>
  <datafield tag="653" ind1="#" ind2="#">
   <subfield code="a">Học sinh</subfield>
  </datafield>
  <datafield tag="653" ind1="#" ind2="#">
   <subfield code="a">Học thêm</subfield>
  </datafield>
  <datafield tag="700" ind1="1" ind2="#">
   <subfield code="a">Lê, Hiển Dương</subfield>
   <subfield code="e">hướng dẫn</subfield>
  </datafield>
  <datafield tag="700" ind1="1" ind2="#">
   <subfield code="a">Trần, Thị Lệ Hằng</subfield>
  </datafield>
  <datafield tag="852" ind1="#" ind2="#">
   <subfield code="b">Kho đọc</subfield>
   <subfield code="j">KD.0011782</subfield>
  </datafield>
  <datafield tag="852" ind1="#" ind2="#">
   <subfield code="j">KD.0011782</subfield>
  </datafield>
  <datafield tag="910" ind1="#" ind2="#">
   <subfield code="a">Ntuyet</subfield>
   <subfield code="d">17/10/2011</subfield>
  </datafield>
  <datafield tag="980" ind1="#" ind2="#">
   <subfield code="a">Trung tâm Học liệu Lê Vũ Hùng, Trường Đại học Đồng Tháp</subfield>
  </datafield>
 </record>
</collection>
